UBT Library

Strategic management for decision making / (Record no. 974)

000 -LEADER
fixed length control field 00492nam a22001697a 4500
008 - FIXED-LENGTH DATA ELEMENTS--GENERAL INFORMATION
fixed length control field 150602b xxu||||| |||| 00| 0 eng d
020 ## - INTERNATIONAL STANDARD BOOK NUMBER
International Standard Book Number 0534926819
041 0# - LANGUAGE CODE
Language code of text/sound track or separate title eng
080 ## - UNIVERSAL DECIMAL CLASSIFICATION NUMBER
Universal Decimal Classification number 338
100 1# - Rafti
Rafti Stahl, Michael J.
245 10 - TITLE STATEMENT
Title Strategic management for decision making /
Statement of responsibility, etc Michael J. Stahl, David W. Grigsby.
260 ## -
-- Boston :
-- PWS-Kent Pub. Co.,
-- 1992.
300 ## -
-- 999 f. :
-- me il.;
-- 24 cm.
650 #0 -
-- Planifikimi Strategjik
700 1# -
-- Grigsby, David W.
942 ## - ADDED ENTRY ELEMENTS (KOHA)
Source of classification or shelving scheme
Item type Books
Holdings
Withdrawn status Lost status Source of classification or shelving scheme Damaged status Not for loan Collection code Permanent location Current location Shelving location Date acquired Total Checkouts Full call number Date last seen Price effective from Koha item type
          Koleksioni i përgjithshem UBT - Prishtine UBT - Prishtine Koleksioni i përgjithshem 06/02/2015   338 STA 06/02/2015 06/02/2015 Books
UBT Library © 2015-2024. All rights reserved University Education for Business and Technology